00591nam a2200193 a 4500001001300000003000900013005001700022008004100039020001000080082001500090100003300105245008100138260004300219300000800262500003500270505003200305650002700337700003300364nice12345678IN_TiNIC20260116012510.0050524s1991 seca grp 000 0 urd  ac10000a226.5bLBI aLiving Bible International,  aKitab-E-Hayatb Khudawand Munji Yesu Masih Ki Injil Youhanna Rasool Ki Moafr aSecunderabadbLiving Bible Indiac1991 a48p aincludes index and biblioraphy2 aAppendices, Biblio., Index. aBible N.T. Gospel John1 aLiving Bible International,